[Event "GER-chT Federal Cup (Women)"]
[Site "Braunfels"]
[Date "2024.05.31"]
[Round "3.5"]
[White "Just, Anita"]
[Black "Braje, Monika"]
[Result "1-0"]
[WhiteElo "1884"]
[BlackElo "1861"]
[PlyCount "83"]
[EventDate "2024.05.30"]
[EventType "team-swiss"]
[EventRounds "5"]
[EventCountry "GER"]
[SourceTitle "CBM 220 Extra"]
[Source "ChessBase"]
[SourceDate "2024.07.31"]
[SourceVersion "1"]
[SourceVersionDate "2024.07.31"]
[SourceQuality "1"]
[WhiteTeam "Sachsen (W)"]
[BlackTeam "Rheinland Pfalz (W)"]
[WhiteTeamCountry "GER"]
[BlackTeamCountry "GER"]

1. e4 d5 2. exd5 Nf6 3. Bb5+ Bd7 4. Be2 Nxd5 5. Nf3 g6 6. d4 Bg7 7. 0-0 0-0 8. c4 Nb6 9. Nc3 c6 10. h3 Qc7 11. Bg5 Be6 12. Qb3 f6 13. Bh4 Bf7 14. Bg3 Qc8 15. a4 N6d7 16. Qa3 e5 17. Ne4 Qd8 18. Nd6 Qe7 19. Nxb7 Qxa3 20. Rxa3 exd4 21. Nxd4 f5 22. Rd1 Re8 23. Nd6 Re7 24. Nxf7 Kxf7 25. Bf3 Ne5 26. Bxe5 Rxe5 27. Nxc6 Nxc6 28. Bxc6 Rc8 29. Bd5+ Kf8 30. Rb3 Rce8 31. Rb7 Re1+ 32. Rxe1 Rxe1+ 33. Kh2 Bd4 34. f4 h6 35. b4 Bg1+ 36. Kg3 Re3+ 37. Bf3 Rc3 38. c5 Rc4 39. c6 Be3 40. Bd5 Bxf4+ 41. Kf3 Rd4 42. c7 1-0

[Event "BL 2122 (Women)"]
[Site "Germany"]
[Date "2022.05.26"]
[Round "3.5"]
[White "Koepke, Elena"]
[Black "Braje, Monika"]
[Result "1-0"]
[WhiteElo "2285"]
[BlackElo "1773"]
[PlyCount "51"]
[EventDate "2021.11.27"]
[EventType "team-tourn"]
[EventRounds "11"]
[EventCountry "GER"]
[SourceTitle "EXT 2023"]
[Source "ChessBase"]
[SourceDate "2022.10.05"]
[SourceVersion "1"]
[SourceVersionDate "2022.10.05"]
[SourceQuality "1"]
[WhiteTeam "Deizisau (W)"]
[BlackTeam "Lehrte (W)"]
[WhiteTeamCountry "GER"]
[BlackTeamCountry "GER"]

1. e4 d5 2. exd5 Nf6 3. d4 Nxd5 4. c4 Nb6 5. Nf3 e6 6. Be3 Be7 7. Nc3 0-0 8. Qc2 Bf6 9. Ne4 Nc6 10. Rd1 g6 11. Nxf6+ Qxf6 12. Be2 Re8 13. 0-0 e5 14. dxe5 Nxe5 15. Nxe5 Qxe5 16. Bf3 c6 17. Bd4 Qa5 18. Qc1 Nd7 19. Bc3 Qf5 20. Rfe1 Rf8 21. Bb4 c5 22. Rd5 Qf6 23. Bc3 Qh4 24. g3 Qd8 25. Qh6 f6 26. Rd6 1-0

[Event "Niedersachsen-ch op-A"]
[Site "Verden an der Aller"]
[Date "2020.01.02"]
[Round "2"]
[White "Braje, Monika"]
[Black "Meschke, Oliver"]
[Result "1/2-1/2"]
[WhiteElo "1787"]
[BlackElo "1888"]
[PlyCount "58"]
[EventDate "2020.01.02"]
[EventType "swiss"]
[EventRounds "7"]
[EventCountry "GER"]
[SourceTitle "EXT 2023"]
[Source "ChessBase"]
[SourceDate "2022.10.05"]
[SourceVersion "1"]
[SourceVersionDate "2022.10.05"]
[SourceQuality "1"]

1. e4 c5 2. d4 cxd4 3. c3 g6 4. Qxd4 Nf6 5. e5 Nc6 6. Qf4 Nd5 7. Qe4 Nc7 8. Nf3 Bg7 9. Bc4 Ne6 10. 0-0 Qc7 11. Re1 b6 12. Na3 a6 13. Nc2 Bb7 14. Bd5 0-0 15. Qe2 Ncd4 16. Nfxd4 Bxd5 17. Nb4 Bc4 18. Qe3 a5 19. Nbc2 a4 20. Bd2 Ra5 21. Nf3 Bd5 22. Ncd4 Rc5 23. b3 Bxf3 24. Nxf3 d6 25. exd6 Qxd6 26. Rac1 axb3 27. axb3 Ra8 28. c4 Rc7 29. g3 Nd4 1/2-1/2

[Event "GER-chT Federal Cup (Women)"]
[Site "Braunfels"]
[Date "2019.06.22"]
[Round "4.34"]
[White "Yi, Wendy"]
[Black "Braje, Monika"]
[Result "1-0"]
[WhiteElo "1820"]
[BlackElo "1781"]
[PlyCount "65"]
[EventDate "2019.06.20"]
[EventType "team-swiss"]
[EventRounds "5"]
[EventCountry "GER"]
[SourceTitle "CBM 191 Extra"]
[Source "ChessBase"]
[SourceDate "2019.09.30"]
[SourceVersion "1"]
[SourceVersionDate "2019.09.30"]
[SourceQuality "1"]

1. e4 d5 2. exd5 Nf6 3. Nc3 Nxd5 4. d4 e6 5. Nf3 Be7 6. Bc4 Nb6 7. Bd3 Bf6 8. 0-0 Nc6 9. Ne2 Nb4 10. Be4 c6 11. Nf4 0-0 12. Nh5 Be7 13. Ne5 f5 14. c3 N4d5 15. Bc2 Nf6 16. Re1 Nbd5 17. Bb3 Nc7 18. Nd3 Kh8 19. Nhf4 Nfd5 20. Qh5 Qe8 21. Qe2 g5 22. Nxd5 cxd5 23. Qe5+ Bf6 24. Qxc7 Qh5 25. Qg3 f4 26. Qh3 Qg6 27. Ne5 Qg7 28. Bc2 Kg8 29. Ng4 Bd8 30. Qh6 Qc7 31. b3 Rf7 32. Bb2 Bd7 33. Ne5 1-0

[Event "GER-ch blitz (Women)"]
[Site "Magdeburg"]
[Date "2019.05.25"]
[Round "18"]
[White "Birkholz, Olga"]
[Black "Braje, Monika"]
[Result "1-0"]
[WhiteElo "2031"]
[BlackElo "1781"]
[PlyCount "73"]
[EventDate "2019.05.25"]
[EventType "tourn (blitz)"]
[EventRounds "29"]
[EventCountry "GER"]
[SourceTitle "CBM 190 Extra"]
[Source "ChessBase"]
[SourceDate "2019.07.15"]
[SourceVersion "1"]
[SourceVersionDate "2019.07.15"]
[SourceQuality "1"]

1. e4 d5 2. e5 c5 3. f4 Nc6 4. Nf3 h6 5. Qe2 Bg4 6. c3 Qb6 7. d3 Rd8 8. h3 Bc8 9. g3 e6 10. Bg2 Qc7 11. Na3 a6 12. Nc2 Nge7 13. a4 Nf5 14. g4 Nfe7 15. 0-0 Ng6 16. Bd2 Be7 17. Rae1 0-0 18. Bh1 Nh4 19. Be3 Nxf3+ 20. Qxf3 d4 21. Bd2 dxc3 22. bxc3 Na5 23. Rb1 b6 24. Qe2 Qd7 25. Be4 Qxa4 26. Ne3 Nb3 27. Be1 Na5 28. Rxb6 c4 29. d4 Nb3 30. f5 exf5 31. gxf5 Bg5 32. Nxc4 a5 33. h4 Be7 34. f6 gxf6 35. exf6 Ba3 36. Qg2+ Kh8 37. Qg7# 1-0

[Event "GER-ch blitz (Women)"]
[Site "Magdeburg"]
[Date "2019.05.25"]
[Round "11"]
[White "Braje, Monika"]
[Black "Daemering, Katrin"]
[Result "0-1"]
[WhiteElo "1781"]
[BlackElo "2003"]
[PlyCount "114"]
[EventDate "2019.05.25"]
[EventType "tourn (blitz)"]
[EventRounds "29"]
[EventCountry "GER"]
[SourceTitle "CBM 190 Extra"]
[Source "ChessBase"]
[SourceDate "2019.07.15"]
[SourceVersion "1"]
[SourceVersionDate "2019.07.15"]
[SourceQuality "1"]

1. e4 c5 2. d4 cxd4 3. c3 d3 4. Bxd3 d6 5. Nf3 Nc6 6. h3 g6 7. Qe2 Bg7 8. 0-0 Nf6 9. Bf4 0-0 10. Rd1 e5 11. Bh2 Qb6 12. Na3 Be6 13. b3 Rac8 14. Ng5 Bd7 15. Nc4 Qc7 16. Rac1 h6 17. Nf3 Be6 18. Ne3 Rfd8 19. c4 Qe7 20. Nd5 Qe8 21. Bb1 Kh7 22. Nd2 Nd4 23. Qe3 Nd7 24. Kh1 Bxd5 25. exd5 f5 26. Re1 Qf7 27. Nf3 Nxf3 28. Qxf3 Nc5 29. b4 Nd7 30. a3 e4 31. Qe2 Ne5 32. Red1 Re8 33. Qe3 Nxc4 34. Qxa7 Ra8 35. Qxa8 Rxa8 36. Rxc4 Be5 37. Bg1 Rd8 38. Rdc1 Rd7 39. Bc2 Qf6 40. Ba4 Re7 41. Rc8 Bb2 42. R1c2 Bxa3 43. R8c7 Bxb4 44. Rxe7+ Qxe7 45. Rb2 Bc5 46. Bh2 b6 47. Bf4 Qf7 48. Bc6 Qf6 49. Ra2 g5 50. Bd2 Qd4 51. Be1 Qd3 52. Kh2 Bd4 53. Ra7+ Kg6 54. Be8+ Kf6 55. Bb4 Be5+ 56. g3 Bd4 57. Kg2 Qf3+ 0-1

[Event "GER-ch blitz (Women)"]
[Site "Magdeburg"]
[Date "2019.05.25"]
[Round "4"]
[White "Roesler, Hannah Clara"]
[Black "Braje, Monika"]
[Result "0-1"]
[WhiteElo "1619"]
[BlackElo "1781"]
[PlyCount "43"]
[EventDate "2019.05.25"]
[EventType "tourn (blitz)"]
[EventRounds "29"]
[EventCountry "GER"]
[SourceTitle "CBM 190 Extra"]
[Source "ChessBase"]
[SourceDate "2019.07.15"]
[SourceVersion "1"]
[SourceVersionDate "2019.07.15"]
[SourceQuality "1"]

1. e4 d5 2. exd5 Nf6 3. c4 c6 4. d4 cxd5 5. Nc3 dxc4 6. Bxc4 e6 7. Nf3 Be7 8. 0-0 0-0 9. Re1 a6 10. Bg5 b5 11. Bb3 Bb7 12. Bc2 h6 13. Bh4 Nbd7 14. d5 Nc5 15. dxe6 Nxe6 16. Qe2 Qc7 17. Bg3 Qc6 18. Rac1 Nd4 19. Qxe7 Nxf3+ 20. Kh1 Nxe1 21. f3 Nxc2 22. Rxc2 0-1

[Event "GER-ch blitz (Women)"]
[Site "Magdeburg"]
[Date "2019.05.25"]
[Round "6"]
[White "Zimmer, Elke"]
[Black "Braje, Monika"]
[Result "1-0"]
[WhiteElo "1926"]
[BlackElo "1781"]
[PlyCount "117"]
[EventDate "2019.05.25"]
[EventType "tourn (blitz)"]
[EventRounds "29"]
[EventCountry "GER"]
[SourceTitle "CBM 190 Extra"]
[Source "ChessBase"]
[SourceDate "2019.07.15"]
[SourceVersion "1"]
[SourceVersionDate "2019.07.15"]
[SourceQuality "1"]

1. e4 d5 2. exd5 Nf6 3. d4 Nxd5 4. Nf3 g6 5. Bc4 Nb6 6. Bb5+ c6 7. Bd3 Bg7 8. c3 0-0 9. 0-0 N8d7 10. Bf4 c5 11. Nbd2 cxd4 12. Nxd4 Bxd4 13. cxd4 Nd5 14. Be3 N7f6 15. Bc4 Bg4 16. Be2 Bf5 17. Rc1 Rc8 18. a3 Qb6 19. Nc4 Qd8 20. Qa4 a6 21. Qd1 b5 22. Ne5 Nxe3 23. fxe3 Nd5 24. Qd2 f6 25. Nd3 Qd6 26. Bf3 Nb6 27. Nf2 Nc4 28. Qe1 Qe6 29. e4 Bxe4 30. Qxe4 Qd7 31. Qd5+ Qxd5 32. Bxd5+ Kg7 33. Bxc4 bxc4 34. Rc3 Rfd8 35. Rd1 Kf7 36. Ne4 e5 37. d5 f5 38. Ng5+ Kg7 39. Ne6+ Kf6 40. Nxd8 Rxd8 41. Rxc4 e4 42. Kf2 Ke5 43. d6 f4 44. Rc5+ Ke6 45. Rc6 e3+ 46. Kf3 g5 47. h3 Kd7 48. Rc7+ Ke8 49. d7+ Ke7 50. Rd4 h6 51. b4 h5 52. Re4+ Kd6 53. Rc5 g4+ 54. hxg4 hxg4+ 55. Kxf4 Rf8+ 56. Kxe3 Kxd7 57. Rd5+ Kc6 58. Rdd4 g3 59. Rg4 1-0

[Event "Niedersachsen-ch op A"]
[Site "Verden"]
[Date "2019.01.03"]
[Round "1"]
[White "Braje, Monika"]
[Black "Koch, Yannick"]
[Result "0-1"]
[WhiteElo "1786"]
[BlackElo "2028"]
[PlyCount "34"]
[EventDate "2019.01.03"]
[EventType "swiss"]
[EventRounds "7"]
[EventCountry "GER"]
[SourceTitle "EXT 2022"]
[Source "ChessBase"]
[SourceDate "2021.10.06"]
[SourceVersion "1"]
[SourceVersionDate "2021.10.06"]
[SourceQuality "1"]

1. e4 c5 2. d4 cxd4 3. c3 d5 4. Qxd4 dxe4 5. Qxe4 Nc6 6. Bb5 Bd7 7. Ne2 Nf6 8. Qf3 a6 9. Ba4 Ne5 10. Bxd7+ Qxd7 11. Qe3 Nd3+ 12. Kf1 Ng4 13. Qd2 Ngxf2 14. Nd4 e5 15. Nf3 Nxh1 16. Kg1 Nhf2 17. Nxe5 Nxe5 0-1

[Event "Niedersachsen-ch op A"]
[Site "Verden"]
[Date "2019.01.03"]
[Round "2"]
[White "Hoppe, Andreas"]
[Black "Braje, Monika"]
[Result "1-0"]
[WhiteElo "1958"]
[BlackElo "1786"]
[PlyCount "73"]
[EventDate "2019.01.03"]
[EventType "swiss"]
[EventRounds "7"]
[EventCountry "GER"]
[SourceTitle "EXT 2022"]
[Source "ChessBase"]
[SourceDate "2021.10.06"]
[SourceVersion "1"]
[SourceVersionDate "2021.10.06"]
[SourceQuality "1"]

1. d4 d5 2. Bf4 Nf6 3. Nc3 e6 4. f3 Nh5 5. Nh3 Be7 6. Qd2 c6 7. Be3 Nd7 8. Nf2 Nb6 9. b3 Bb4 10. Nd3 Ba3 11. g4 Nf6 12. Bf2 Nfd7 13. h4 Bd6 14. e4 dxe4 15. Nxe4 Be7 16. Be2 Nf6 17. Ng3 a5 18. c4 Nfd7 19. g5 a4 20. Qc3 axb3 21. axb3 Rxa1+ 22. Qxa1 Qc7 23. f4 Qb8 24. d5 cxd5 25. Qxg7 Rf8 26. c5 Na8 27. 0-0 Nc7 28. b4 e5 29. fxe5 Ne6 30. Qxh7 Nxe5 31. Nh5 Nxd3 32. Qxd3 Qe5 33. Qb5+ Bd7 34. Qxb7 Nd8 35. Qb8 f6 36. Nxf6+ Bxf6 37. Bh5+ 1-0

[Event "GER-chT Federal Cup (Women)"]
[Site "Braunfels"]
[Date "2018.06.01"]
[Round "3.2"]
[White "Braje, Monika"]
[Black "Freitag, Julia"]
[Result "0-1"]
[WhiteElo "1864"]
[BlackElo "2136"]
[PlyCount "68"]
[EventDate "2018.05.31"]
[EventType "team-swiss"]
[EventRounds "5"]
[EventCountry "GER"]
[SourceTitle "EXT 2020"]
[Source "ChessBase"]
[SourceDate "2019.10.17"]
[SourceVersion "1"]
[SourceVersionDate "2019.10.17"]
[SourceQuality "1"]
[WhiteTeam "Rheinland Pfalz (W)"]
[BlackTeam "Nordrhein Westfalen (W)"]
[WhiteTeamCountry "GER"]
[BlackTeamCountry "GER"]

1. e4 e6 2. d4 d5 3. e5 c5 4. c3 Nc6 5. Nf3 Qb6 6. Bd3 cxd4 7. cxd4 Bd7 8. Bc2 Bb4+ 9. Nc3 Rc8 10. 0-0 Bxc3 11. bxc3 Na5 12. Rb1 Qc7 13. Bb2 Nc4 14. Bc1 Qa5 15. Rxb7 Nb6 16. Bd2 Qa6 17. Rxd7 Nxd7 18. Ba4 h6 19. Nh4 Ne7 20. f4 g6 21. Rf3 Kd8 22. Qb3 Rb8 23. Qc2 Nb6 24. Bb3 Rc8 25. Qb1 Nc4 26. Be1 g5 27. fxg5 hxg5 28. Rxf7 gxh4 29. Qc1 Qa3 30. Qg5 Rg8 31. Qxh4 Ne3 32. g3 N3f5 33. Qf4 Qb2 34. Rh7 Qb1 0-1

[Event "GER-chT Federal Cup (Women)"]
[Site "Braunfels"]
[Date "2018.06.01"]
[Round "2.2"]
[White "Noll, Sonja"]
[Black "Braje, Monika"]
[Result "1/2-1/2"]
[WhiteElo "1783"]
[BlackElo "1864"]
[PlyCount "33"]
[EventDate "2018.05.31"]
[EventType "team-swiss"]
[EventRounds "5"]
[EventCountry "GER"]
[SourceTitle "EXT 2020"]
[Source "ChessBase"]
[SourceDate "2019.10.17"]
[SourceVersion "1"]
[SourceVersionDate "2019.10.17"]
[SourceQuality "1"]
[WhiteTeam "Saarland SG (W)"]
[BlackTeam "Rheinland Pfalz (W)"]
[WhiteTeamCountry "GER"]
[BlackTeamCountry "GER"]

1. e4 d5 2. Nc3 d4 3. Nce2 c5 4. Ng3 Nc6 5. Bc4 a6 6. a3 Nf6 7. d3 Bg4 8. f3 Bd7 9. f4 Bg4 10. Nf3 e6 11. h3 Bxf3 12. Qxf3 Be7 13. e5 Nd5 14. 0-0 0-0 15. Bd2 Rc8 16. Rae1 Bh4 17. Re2 1/2-1/2

[Event "BL 1718 (Women)"]
[Site "Germany"]
[Date "2018.03.25"]
[Round "11.6"]
[White "Sandner, Heike"]
[Black "Braje, Monika"]
[Result "1/2-1/2"]
[WhiteElo "1718"]
[BlackElo "1869"]
[PlyCount "75"]
[EventDate "2017.10.01"]
[EventType "team-tourn"]
[EventRounds "11"]
[EventCountry "GER"]
[SourceTitle "EXT 2019"]
[Source "ChessBase"]
[SourceDate "2018.10.10"]
[SourceVersion "1"]
[SourceVersionDate "2018.10.10"]
[SourceQuality "1"]
[WhiteTeam "Rodewisch (W)"]
[BlackTeam "Lehrte (W)"]
[WhiteTeamCountry "GER"]
[BlackTeamCountry "GER"]

1. e4 d5 2. exd5 Nf6 3. Nf3 Nxd5 4. d4 g6 5. c4 Nb6 6. c5 Nd5 7. Bc4 c6 8. 0-0 Bg7 9. Nc3 0-0 10. Re1 e6 11. Ne4 b6 12. Rb1 bxc5 13. Nxc5 Nb6 14. Bb3 Na6 15. Ne4 Nd5 16. Bg5 Qb6 17. Qd2 Qb4 18. Qd3 Nac7 19. Rbc1 Ba6 20. Qd1 Qb6 21. Ne5 Bxe5 22. dxe5 Qb5 23. Bxd5 Nxd5 24. Nf6+ Nxf6 25. Bxf6 Qd3 26. Qg4 h5 27. Qg5 Kh7 28. Rxc6 Bb7 29. Rd6 Qf5 30. Rd7 Bc6 31. Rc7 Bd5 32. a3 a5 33. Qxf5 gxf5 34. Be7 Rg8 35. g3 a4 36. Rd1 Rab8 37. Rd2 Rgc8 38. Rxc8 1/2-1/2

[Event "Pfalz op-B 9th"]
[Site "Neustadt an der Weinstrasse"]
[Date "2018.02.09"]
[Round "1"]
[White "Braje, Monika"]
[Black "Schaefer, Peter Felix"]
[Result "1-0"]
[WhiteElo "1878"]
[BlackElo "1683"]
[PlyCount "67"]
[EventDate "2018.02.09"]
[EventType "swiss"]
[EventRounds "7"]
[EventCountry "GER"]
[SourceTitle "CBM 182 Extra"]
[Source "ChessBase"]
[SourceDate "2018.02.23"]
[SourceVersion "1"]
[SourceVersionDate "2018.02.23"]
[SourceQuality "1"]

1. e4 e6 2. d4 d5 3. e5 c5 4. c3 Nc6 5. Nf3 Nh6 6. Bd3 cxd4 7. cxd4 Nf5 8. Bxf5 exf5 9. 0-0 Be7 10. Nc3 Be6 11. Qb3 Rb8 12. Be3 0-0 13. Qc2 g5 14. Rad1 f4 15. Bc1 Kh8 16. h3 Qd7 17. Nh2 Rg8 18. Qe2 Rg6 19. Qf3 Rbg8 20. Ng4 Kg7 21. a3 Rh8 22. Ne2 h5 23. Nh2 Bf5 24. Nc3 Be6 25. Rfe1 g4 26. hxg4 hxg4 27. Qxf4 Rgh6 28. Kf1 Rxh2 29. Rd3 Rh1+ 30. Ke2 Rxe1+ 31. Kxe1 Rh1+ 32. Ke2 Kg6 33. Bd2 Bg5 34. Qxg5+ 1-0

[Event "Niedersachsen-ch op A"]
[Site "Verden"]
[Date "2018.01.05"]
[Round "3"]
[White "Braje, Monika"]
[Black "Spiess, Thomas"]
[Result "1/2-1/2"]
[WhiteElo "1861"]
[BlackElo "2023"]
[PlyCount "101"]
[EventDate "2018.01.04"]
[EventType "swiss"]
[EventRounds "7"]
[EventCountry "GER"]
[SourceTitle "EXT 2022"]
[Source "ChessBase"]
[SourceDate "2021.10.06"]
[SourceVersion "1"]
[SourceVersionDate "2021.10.06"]
[SourceQuality "1"]

1. e4 c5 2. d4 cxd4 3. c3 Nf6 4. e5 Nd5 5. Nf3 d6 6. Qxd4 e6 7. Bg5 Qb6 8. Qxb6 Nxb6 9. exd6 Bxd6 10. Bd3 f6 11. Bd2 e5 12. 0-0 0-0 13. a4 Be6 14. Re1 Nc6 15. Bc1 a5 16. Nbd2 Rfe8 17. Ne4 Bf8 18. Bc2 f5 19. Neg5 Bc4 20. Bxf5 h6 21. Ne4 Bb3 22. Be3 Nd5 23. Bc1 Nb6 24. Bg6 Re6 25. Bf5 Ree8 26. Be3 Nd5 27. Bc5 Nf4 28. Nd6 Bxd6 29. Bxd6 g6 30. Be4 Re6 31. Bc5 Kg7 32. g3 Nh3+ 33. Kg2 Ng5 34. Nxg5 hxg5 35. Ra3 Bc4 36. b3 Ba6 37. Ra2 Rd8 38. Be3 g4 39. Rd2 Rxd2 40. Bxd2 Ne7 41. c4 Nc6 42. Bd5 Re8 43. Bxc6 bxc6 44. Bxa5 c5 45. Bc7 Kf6 46. Rd1 Bb7+ 47. Kg1 Bf3 48. Rd2 Rc8 49. Bb6 Ke6 50. a5 Rc6 51. Ba7 1/2-1/2

[Event "BL 1617 (Women)"]
[Site "Germany"]
[Date "2017.03.26"]
[Round "8.6"]
[White "Braje, Monika"]
[Black "Heinemann, Josefine"]
[Result "0-1"]
[WhiteElo "1787"]
[BlackElo "2242"]
[PlyCount "84"]
[EventDate "2016.10.22"]
[EventType "team-tourn"]
[EventRounds "11"]
[EventCountry "GER"]
[SourceTitle "EXT 2018"]
[Source "ChessBase"]
[SourceDate "2017.10.13"]
[SourceVersion "1"]
[SourceVersionDate "2017.10.13"]
[SourceQuality "1"]
[WhiteTeam "Lehrte (W)"]
[BlackTeam "Baden-Baden (W)"]
[WhiteTeamCountry "GER"]
[BlackTeamCountry "GER"]

1. e4 c5 2. d4 cxd4 3. c3 Nf6 4. e5 Nd5 5. Nf3 Nc6 6. Be2 d6 7. exd6 Qxd6 8. Nxd4 Nxd4 9. Qxd4 Bd7 10. 0-0 e5 11. Qe4 Bc6 12. Qg4 g6 13. Rd1 f5 14. Qh3 Qe6 15. Na3 Bg7 16. Nc2 0-0-0 17. Bc4 Kb8 18. Bg5 Bf6 19. Bxf6 Qxf6 20. Bxd5 Bxd5 21. Nb4 Be4 22. Qe3 a5 23. f3 Bxf3 24. gxf3 axb4 25. cxb4 Rd6 26. Re1 Rd5 27. a4 Rhd8 28. Rac1 f4 29. Qe4 R8d6 30. Rc2 Rd1 31. Rce2 Rxe1+ 32. Rxe1 Rd4 33. Qxe5+ Qxe5 34. Rxe5 Rxb4 35. Re4 Rxb2 36. Rxf4 Ka7 37. Rf7 h5 38. Rf6 Ra2 39. Rxg6 Rxa4 40. Rg5 h4 41. Rg4 b5 42. h3 Rxg4+ 0-1

[Event "Pfalz op-B 8th"]
[Site "Neustadt an der Weinstrasse"]
[Date "2017.02.27"]
[Round "6"]
[White "Braje, Monika"]
[Black "Vega Lopez de Nava, Cesar Octavio"]
[Result "1-0"]
[WhiteElo "1787"]
[BlackElo "1904"]
[PlyCount "65"]
[EventDate "2017.02.24"]
[EventType "swiss"]
[EventRounds "7"]
[EventCountry "GER"]
[SourceTitle "CBM 177 Extra"]
[Source "ChessBase"]
[SourceDate "2017.04.27"]
[SourceVersion "1"]
[SourceVersionDate "2017.04.27"]
[SourceQuality "1"]

1. e4 c5 2. d4 cxd4 3. c3 dxc3 4. Nxc3 Nc6 5. Nf3 d6 6. Bc4 a6 7. 0-0 Nf6 8. Qe2 Bg4 9. Rd1 e6 10. Bg5 Ne5 11. Bb3 Qb8 12. Rac1 Be7 13. h3 Nxf3+ 14. gxf3 Bxh3 15. Kh2 Nh5 16. Bxe7 Kxe7 17. Qe3 h6 18. Kxh3 g5 19. e5 dxe5 20. Qc5+ Kf6 21. Ne4+ Kg6 22. Nd6 f6 23. Bc2+ Kg7 24. Bb3 Nf4+ 25. Kh2 Kg6 26. Bc2+ Kh5 27. Rh1 Ng6 28. Kg1+ Nh4 29. Qc4 f5 30. Qxe6 Rf8 31. Bxf5 Rxf5 32. Nxf5 Qf8 33. Ng3# 1-0

[Event "Pfalz op-B 8th"]
[Site "Neustadt an der Weinstrasse"]
[Date "2017.02.27"]
[Round "7"]
[White "Wensing, Maximilian"]
[Black "Braje, Monika"]
[Result "1-0"]
[WhiteElo "1943"]
[BlackElo "1787"]
[PlyCount "61"]
[EventDate "2017.02.24"]
[EventType "swiss"]
[EventRounds "7"]
[EventCountry "GER"]
[SourceTitle "CBM 177 Extra"]
[Source "ChessBase"]
[SourceDate "2017.04.27"]
[SourceVersion "1"]
[SourceVersionDate "2017.04.27"]
[SourceQuality "1"]

1. e4 d5 2. exd5 Nf6 3. h3 Nxd5 4. Nf3 e6 5. d4 Be7 6. Be2 0-0 7. 0-0 c5 8. c4 Nb6 9. Nc3 Nc6 10. Be3 cxd4 11. Nxd4 Nxd4 12. Bxd4 Bf6 13. Bxf6 Qxf6 14. Qb3 Qf5 15. Bf3 Rb8 16. Na4 Nd7 17. Be2 Ne5 18. f4 Nc6 19. Rad1 b6 20. Qd3 Qa5 21. b3 Bb7 22. Qc3 Qb4 23. Rd7 Rfd8 24. Rfd1 Rxd7 25. Rxd7 Qf8 26. Bf3 Qc8 27. Qd2 g6 28. Qd6 Ba8 29. Bxc6 Qxc6 30. Qxb8+ Kg7 31. Rd2 1-0

[Event "Niedersachsen-ch op-B"]
[Site "Verden"]
[Date "2016.01.05"]
[Round "5"]
[White "Kindermann, Thorsten"]
[Black "Braje, Monika"]
[Result "0-1"]
[WhiteElo "1523"]
[BlackElo "1820"]
[PlyCount "74"]
[EventDate "2016.01.03"]
[EventType "swiss"]
[EventRounds "7"]
[EventCountry "GER"]
[SourceTitle "EXT 2018"]
[Source "ChessBase"]
[SourceDate "2017.10.13"]
[SourceVersion "1"]
[SourceVersionDate "2017.10.13"]
[SourceQuality "1"]

1. d4 d5 2. Nf3 Nf6 3. c4 e6 4. Nc3 Be7 5. e3 0-0 6. Bd3 dxc4 7. Bxc4 Nbd7 8. 0-0 c6 9. Bd2 b5 10. Bb3 a5 11. a3 Ba6 12. Re1 Nb6 13. Ne5 Rc8 14. Rc1 Nfd7 15. Nd3 b4 16. axb4 axb4 17. Na2 Bxd3 18. Nxb4 Bb5 19. Na2 Bd6 20. Nc3 Ba6 21. Ba2 c5 22. Ne4 Bxh2+ 23. Kxh2 Qh4+ 24. Kg1 Qxe4 25. Bb1 Qh4 26. Bc3 Nd5 27. Qa4 N7f6 28. Qxa6 Ng4 29. Qd3 Qxf2+ 30. Kh1 Qh4+ 31. Kg1 Qh2+ 32. Kf1 Qh1+ 33. Ke2 Qxg2+ 34. Kd1 Nf2+ 35. Kd2 Nxd3+ 36. Re2 Qxe2+ 37. Kxe2 Nxc1+ 0-1